00000000nam##2200000za#4500
0019.618789
003CaOODSP
00520210615103043
007ta
008150406|2007||||xxc|||||     f|0| 0 eng|d
022 |a0706-6473
040 |aCaOODSP|beng
043 |an-cn---
0861 |aFs97-4/2801E
1101 |aCanada. |bDepartment of Fisheries and Oceans.
24510|aFish life history and habitat use in the Northwest Territories : |bbull trout (Salvelinus confluentus) / |cby D.B. Stewart ... [et al.]
260 |aWinnipeg - Manitoba : |bFisheries and Oceans Canada |c2007.
300 |avi, 46p. : |bcoloured map, fig., glossary, references, tables ; |c28 cm.
4901 |aCanadian manuscript report of fisheries and aquatic sciences|x0706-6473|v2801
500 |a"Central and Arctic Region, Fisheries and Oceans Canada, 501 University Crescent, Winnipeg, Manitoba, R3T 2N6".--Title page.
5203 |aReviews knowledge of the species. Includes information on the species’ distribution, habitat use during the various stages of its life history, and about threats posed to the species and its habitat by development activities. Knowledge gaps are also identified. Compiled to assist developers, habitat managers, and researchers.
546 |a(Résumé en français.)
563 |aSpiral binding
590 |a08-17|b2008-04-25
7201 |aStewart, D. B.
7760#|tFish life history and habitat use in the Northwest Territories : |w(CaOODSP)9.580090
830#0|aCanadian manuscript report of fisheries and aquatic sciences,|x0706-6473|v2801|w(CaOODSP)9.514688